000
00305nam a22001337a 4500
008
170526b xxu||||| |||| 00| 0 eng d
020
_a
9780070113558
041
_a
eng
080
_2
2ND
_a
621.3
100
_a
25
101
_a
IM
245
_a
BASIC ELECTRICAL ENGINEERING
_c
CATHEY, J.J
942
_2
udc
_c
BK
999
_c
14427
_d
14427